[Event "Master Open"]
[Site "Voronezh"]
[Date "2018.06.12"]
[Round "1.1"]
[White "Pogosyan, Stefan"]
[Black "Maghsoodloo, Parham"]
[Result "0-1"]
[WhiteElo "2359"]
[BlackElo "2638"]
[Annotator ""]
[Source ""]
[Remark ""]

1.d4 Nf6 2.c4 g6 3.Nc3 d5 4.cxd5 Nxd5 5.g3 Bg7 6.Bg2 Nb6 7.Nf3
O-O 8.O-O Nc6 9.e3 Re8 10.h3 Bd7 11.Re1 a5 12.d5 Nb4 13.a3 Bxc3
14.bxc3 Ba4 15.Qd2 Nc2 16.Rb1 Nxe1 17.Nxe1 e6 18.Qd4 e5 19.Qd3
c6 20.c4 cxd5 21.cxd5 Bd7 22.e4 Na4 23.Be3 b5 24.f4 exf4 25.gxf4
Rc8 26.Bd4 Nc5 27.Bxc5 Rxc5 28.Nf3 Qf6 29.Qd2 Rec8 30.Ne5 Rc2
31.Nxd7 Qh4 32.Qd4 Rxg2+ 33.Kxg2 Rc2+ 34.Kf1 Qxh3+ 0-1

[Event "Master Open"]
[Site "Voronezh"]
[Date "2018.06.12"]
[Round "1.2"]
[White "Ponkratov, Pavel"]
[Black "Sattarov, Bobir"]
[Result "1-0"]
[WhiteElo "2622"]
[BlackElo "2351"]
[Annotator ""]
[Source ""]
[Remark ""]

1.g3 g6 2.Bg2 Bg7 3.d4 Nf6 4.e4 d6 5.Nc3 O-O 6.Nf3 Nbd7 7.e5
Ne8 8.O-O Nb6 9.Qe2 c6 10.h3 Nc7 11.Rd1 a5 12.a4 Be6 13.Ng5 Bc4
14.Qe1 Nbd5 15.Nb1 Nb4 16.Na3 Bd5 17.Nf3 b5 18.Bd2 Qd7 19.Qe2
Rfb8 20.b3 Ne6 21.Be1 bxa4 22.bxa4 Qc7 23.c3 Na6 24.Nc4 Rb7 25.h4
Nb8 26.exd6 exd6 27.Ne3 Bxf3 28.Qxf3 d5 29.Ng4 Nd7 30.Bd2 f5
31.Nh6+ Bxh6 32.Bxh6 Nf6 33.Bd2 Rb3 34.Rdb1 Rab8 35.Rxb3 Rxb3
36.Qe2 Kf7 37.Re1 Qd7 38.Qe5 Rb2 39.Bg5 Qe7 40.c4 h6 41.cxd5
cxd5 42.Bxd5 Rb6 43.Bxf6 1-0

[Event "Master Open"]
[Site "Voronezh"]
[Date "2018.06.12"]
[Round "1.3"]
[White "Demianjuk, Alexander"]
[Black "Popov, Ivan"]
[Result "0-1"]
[WhiteElo "2346"]
[BlackElo "2608"]
[Annotator ""]
[Source ""]
[Remark ""]

1.e4 c5 2.Nf3 d6 3.d4 cxd4 4.Nxd4 Nf6 5.Nc3 a6 6.Be3 Ng4 7.Bc1
Nf6 8.Be3 e6 9.Be2 Qc7 10.g4 d5 11.exd5 Bb4 12.dxe6 Bxc3+ 13.bxc3
Qxc3+ 14.Kf1 fxe6 15.Rb1 O-O 16.Qd3 Qc7 17.c4 Nbd7 18.g5 Nc5
19.Qc2 Nfe4 20.Nf3 e5 21.Kg2 Bf5 22.Qb2 Rae8 23.Nh4 Nxf2 24.Nxf5
Rxf5 25.Qb6 Qxb6 26.Rxb6 Nfd3 27.Bxd3 Nxd3 28.Rxb7 Nf4+ 29.Kf3
e4+ 30.Kg4 Ref8 31.Rf1 Ng2 32.Bd4 Ne3+ 33.Bxe3 Rxf1 34.c5 R8f3
35.c6 Rxe3 36.Rd7 Rc3 0-1

[Event "Master Open"]
[Site "Voronezh"]
[Date "2018.06.12"]
[Round "1.4"]
[White "Kokarev, Dmitry"]
[Black "Makarian, Rudik"]
[Result "1-0"]
[WhiteElo "2603"]
[BlackElo "2343"]
[Annotator ""]
[Source ""]
[Remark ""]

1.g3 d5 2.Nf3 Nf6 3.Bg2 Bf5 4.c4 c6 5.cxd5 cxd5 6.Qb3 Qb6 7.Qxb6
axb6 8.d3 e6 9.Nc3 Nc6 10.O-O Bc5 11.Bg5 O-O 12.a3 h6 13.Bxf6
gxf6 14.Rac1 Bg4 15.e3 Ne5 16.Nxe5 fxe5 17.Rc2 Bf5 18.Rd1 Rfc8
19.e4 dxe4 20.Nxe4 Bxe4 21.Bxe4 Bd4 22.Rdc1 Rxc2 23.Rxc2 Ra7
24.Bf3 Ra5 25.Bxb7 Rc5 26.Rxc5 Bxc5 27.Kf1 Bd4 28.b3 Bc5 29.a4
f5 30.f3 Kf7 31.Bc8 Kf6 32.Kg2 Bb4 33.Kh3 Be7 34.g4 Bd6 35.Bd7
Ke7 36.Bb5 Kf6 37.Bc4 Be7 38.Ba6 Kg6 39.Bc8 Kf6 40.Kh4 Kg6+ 41.Kg3
Kf6 42.h3 Bb4 43.Kf2 Ba3 44.Ke3 Bc5+ 45.Kd2 Bb4+ 46.Kc2 Be1 47.Kb2
Bd2 48.Ka2 Bb4 49.Kb2 Kg5 50.Bxe6 f4 51.Kc2 Kh4 52.d4 exd4 53.Kd3
Kg3 54.h4 Kxh4 55.Kxd4 Kg5 56.Kd5 Kf6 57.Bc8 Ke7 58.Kc6 Kd8 59.Bf5
Bc5 60.a5 Bd4 61.a6 b5 62.b4 Be3 63.Kb7 1-0

[Event "Master Open"]
[Site "Voronezh"]
[Date "2018.06.12"]
[Round "1.5"]
[White "Nesterov, Arseniy"]
[Black "Kryakvin, Dmitry"]
[Result "1/2-1/2"]
[WhiteElo "2317"]
[BlackElo "2592"]
[Annotator ""]
[Source ""]
[Remark ""]

1.d4 Nf6 2.c4 e6 3.Nf3 c5 4.d5 exd5 5.cxd5 d6 6.Nc3 g6 7.g3 Bg7
8.Bg2 O-O 9.O-O Nbd7 10.Bf4 Qe7 11.h3 Nh5 12.Bg5 f6 13.Bc1 f5
14.Bg5 Ndf6 15.Qc1 Bd7 16.a4 a6 17.Rb1 Rac8 18.Qd2 Qe8 19.a5
Qd8 20.e4 Re8 21.exf5 gxf5 22.Ra1 b5 23.axb6 Qxb6 24.Nh4 Rb8
25.Qd3 c4 26.Qxc4 Qxb2 27.Rfb1 Rbc8 28.Rxb2 Rxc4 29.Rb3 f4 30.Rxa6
fxg3 31.fxg3 h6 32.Bxf6 Bxf6 33.Rxd6 Bxc3 1/2-1/2

[Event "Master Open"]
[Site "Voronezh"]
[Date "2018.06.12"]
[Round "1.6"]
[White "Pridorozhni, Aleksei"]
[Black "Sergienko, Sergey"]
[Result "1/2-1/2"]
[WhiteElo "2589"]
[BlackElo "2315"]
[Annotator ""]
[Source ""]
[Remark ""]

1.e4 c5 2.Nc3 Nc6 3.Bb5 d6 4.Bxc6+ bxc6 5.d3 g6 6.f4 Bg7 7.Nf3
Nh6 8.h3 f6 9.Be3 Nf7 10.Qd2 e5 11.fxe5 fxe5 12.O-O O-O 13.Ng5
Nh8 14.Nf3 Nf7 15.a3 Rb8 16.b4 cxb4 17.axb4 a6 18.Ne2 Qe7 19.c3
h6 20.d4 Qe6 21.dxe5 dxe5 22.Bc5 Rd8 23.Qc2 Qc4 24.Nc1 Rb7 25.Nd2
Qe6 26.Be3 Nd6 27.Ncb3 Rf7 28.Nc5 Rxf1+ 29.Rxf1 Qe7 30.Qa4 Nb5
31.Qb3+ Kh8 32.Rf7 Qe8 33.Rf2 g5 34.Nf1 Qg8 35.Qc2 Bf8 36.Qc1
Be7 37.Ng3 Qc4 38.h4 Qxc3 39.Rc2 Rd1+ 40.Qxd1 Qxe3+ 41.Rf2 gxh4
42.Nf5 Bxf5 43.exf5 Nd4 44.Qh5 Bxc5 45.bxc5 Qe1+ 46.Kh2 Qxf2
47.Qe8+ 1/2-1/2

[Event "Master Open"]
[Site "Voronezh"]
[Date "2018.06.12"]
[Round "1.7"]
[White "Konnov, Oleg"]
[Black "Stukopin, Andrey"]
[Result "1/2-1/2"]
[WhiteElo "2311"]
[BlackElo "2589"]
[Annotator ""]
[Source ""]
[Remark ""]

1.d4 Nf6 2.Nf3 d5 3.c4 e6 4.Nc3 dxc4 5.e3 a6 6.a4 c5 7.Bxc4 Nc6
8.O-O Be7 9.Qd3 O-O 10.Rd1 cxd4 11.exd4 Nb4 12.Qe2 b6 13.Ne5
Bb7 14.Bf4 Rc8 15.Bg3 Nfd5 16.Nxd5 Bxd5 17.Rac1 f6 18.Nf3 Qd7
19.Bxa6 Nxa6 20.Qxa6 Ra8 21.Qxb6 Qxa4 22.Nd2 Ra6 23.Qc7 Bb4 24.Qf4
Rc6 25.Ra1 Qc2 26.Nf1 Qxb2 27.Rdb1 Qc3 28.Rc1 Qd3 29.Rxc6 Bxc6
30.Ne3 Qc3 31.Rb1 Ba3 32.Qc7 Bc1 33.Nf1 Qc4 34.Rb6 Bd5 35.Qxc4
Bxc4 36.Rc6 Bxf1 37.Kxf1 Bb2 38.Rxe6 Bxd4 39.Rd6 Bc5 40.Rc6 Bd4
41.Rd6 1/2-1/2

[Event "Master Open"]
[Site "Voronezh"]
[Date "2018.06.12"]
[Round "1.8"]
[White "Timofeev, Artyom"]
[Black "Murtazin, Ruslan"]
[Result "1-0"]
[WhiteElo "2583"]
[BlackElo "2308"]
[Annotator ""]
[Source ""]
[Remark ""]

1.e4 c5 2.Nc3 Nc6 3.Nf3 e6 4.d4 cxd4 5.Nxd4 Qc7 6.f4 a6 7.Be2
b5 8.Nxc6 Qxc6 9.Bf3 Bb7 10.e5 Qb6 11.Qd3 Bxf3 12.Qxf3 Rc8 13.Be3
Qc6 14.Ne4 Nh6 15.O-O Nf5 16.Bf2 Be7 17.c3 O-O 18.g4 Nh6 19.Rae1
d6 20.Bd4 d5 21.Ng3 f5 22.exf6 Bxf6 23.Bxf6 gxf6 24.Nh5 Rce8
25.h3 Kh8 26.Qe3 Ng8 27.Rf2 Rf7 28.Rfe2 Rfe7 29.Qd4 Qc4 30.b3
Qxd4+ 31.cxd4 h6 32.Kg2 Kh7 33.f5 exf5 34.Nxf6+ Nxf6 35.Rxe7+
Rxe7 36.Rxe7+ Kg6 37.Kf3 fxg4+ 38.hxg4 1-0

[Event "Master Open"]
[Site "Voronezh"]
[Date "2018.06.12"]
[Round "1.9"]
[White "Gurvich, Vitaly"]
[Black "Tiviakov, Sergei"]
[Result "0-1"]
[WhiteElo "2305"]
[BlackElo "2580"]
[Annotator ""]
[Source ""]
[Remark ""]

1.d4 Nf6 2.c4 e6 3.Nf3 b6 4.g3 c6 5.Bg2 Be7 6.Nc3 d5 7.O-O O-O
8.Ne5 Bb7 9.b3 Nbd7 10.Bb2 Nxe5 11.dxe5 Nd7 12.cxd5 cxd5 13.Nb5
a5 14.Rc1 Nc5 15.Re1 Qd7 16.Nd4 Rfc8 17.Rc2 b5 18.f4 b4 19.Qd2
Bd8 20.Bf3 Bb6 21.Rec1 Ba6 22.Kg2 Rc7 23.g4 Rac8 24.h3 Bb7 25.Kh2
Ne4 26.Bxe4 dxe4 27.Rxc7 Bxc7 28.g5 g6 29.e3 Ba6 30.h4 Bb6 31.Rxc8+
Qxc8 32.Qc1 Qxc1 33.Bxc1 Bd3 34.a3 Bxd4 35.exd4 a4 36.bxa4 b3
37.Kg3 e3 38.Kf3 e2 39.Kf2 Kf8 40.Ke1 Ke7 41.Bb2 Kd7 42.Kd2 Kc6
43.Bc3 Bc4 44.a5 Kd5 45.Bb2 Ke4 46.a4 Kxf4 47.Bc1 Kg3 48.Ke1
Kxh4 49.Kf2 Kg4 50.Ke1 Kf3 51.a6 Bxa6 52.a5 Ke4 53.Kd2 Kxd4 54.Bb2+
Ke4 55.Ke1 Kd3 0-1

[Event "Master Open"]
[Site "Voronezh"]
[Date "2018.06.12"]
[Round "1.10"]
[White "Volkov, Sergey"]
[Black "Cherednichenko, Dmitrij"]
[Result "1-0"]
[WhiteElo "2580"]
[BlackElo "2301"]
[Annotator ""]
[Source ""]
[Remark ""]

1.d4 f5 2.Bf4 Nf6 3.e3 g6 4.c4 Bg7 5.Nc3 O-O 6.Nf3 d6 7.c5 d5
8.Bd3 c6 9.O-O Ne4 10.Ne2 Nd7 11.b4 Qe8 12.Rc1 a6 13.Rc2 e5 14.Nxe5
Nxe5 15.Bxe5 Bxe5 16.dxe5 Qxe5 17.Qa1 Qe7 18.Qd4 Bd7 19.a4 Ng5
20.Rb1 Ne6 21.Qe5 Qf7 22.g3 Rae8 23.Qc3 Ng5 24.Nd4 Ne4 25.Qe1
Qe7 26.Qe2 g5 27.f3 Nf6 28.Bxf5 Qxe3+ 29.Qxe3 Rxe3 30.b5 axb5
31.axb5 cxb5 32.Bxd7 Nxd7 33.Rxb5 Ne5 34.Rxb7 Rd3 35.Re2 Rd1+
36.Kg2 Nd3 37.Ree7 Ra8 38.Rg7+ Kh8 39.Rxh7+ Kg8 40.Rbg7+ Kf8 1-0

[Event "Master Open"]
[Site "Voronezh"]
[Date "2018.06.12"]
[Round "1.11"]
[White "Nazaretyan, Tigran"]
[Black "Chigaev, Maksim"]
[Result "0-1"]
[WhiteElo "2300"]
[BlackElo "2577"]
[Annotator ""]
[Source ""]
[Remark ""]

1.d4 Nf6 2.c4 g6 3.Nc3 Bg7 4.e4 d6 5.Nf3 O-O 6.Be2 Na6 7.O-O
e5 8.Be3 c6 9.dxe5 dxe5 10.h3 Qe7 11.Qa4 Nh5 12.Rfd1 Nf4 13.Bf1
Ne6 14.Rab1 f5 15.exf5 gxf5 16.Re1 e4 17.Nh2 Bd7 18.Rbd1 Be8
19.Qc2 Bg6 20.g3 f4 21.gxf4 Nxf4 22.Bxf4 Rxf4 23.Re3 Raf8 24.Rd2
Qc5 25.Nxe4 Rxe4 26.Rxe4 Nb4 27.Qd1 Bxe4 28.a3 Na6 29.Qg4 Bg6
30.b4 Qf5 31.Qxf5 Bxf5 32.Ng4 Nc7 33.Rd6 Ne8 34.Nh6+ Bxh6 35.Rxh6
Kg7 36.Rh4 Nf6 37.Rd4 Re8 38.Rd1 Re7 39.a4 Rd7 40.Re1 Be4 41.Re3
Kf8 42.a5 Rd1 43.f3 Bf5 44.Kf2 b6 45.Re5 Bd3 46.Bxd3 Rxd3 47.axb6
axb6 48.b5 c5 49.Re3 Rd4 50.Rc3 Nd7 0-1

[Event "Master Open"]
[Site "Voronezh"]
[Date "2018.06.12"]
[Round "1.12"]
[White "Bocharov, Dmitry"]
[Black "Ergeshov, Timur"]
[Result "1-0"]
[WhiteElo "2576"]
[BlackElo "2290"]
[Annotator ""]
[Source ""]
[Remark ""]

1.d4 Nf6 2.c4 e6 3.Nc3 Bb4 4.e3 O-O 5.Bd3 c5 6.Nf3 d5 7.cxd5
cxd4 8.exd4 Nxd5 9.O-O h6 10.Bc2 Nd7 11.Qd3 N7f6 12.Ne5 Re8 13.Qg3
Kf8 14.Ba4 Re7 15.Bd2 Bd6 16.Qh4 Nxc3 17.bxc3 Qa5 18.Bxh6 Bxe5
19.dxe5 Qxe5 20.Bg5 Kg8 21.Rad1 Qc7 22.Bxf6 gxf6 23.Rd3 1-0

[Event "Master Open"]
[Site "Voronezh"]
[Date "2018.06.12"]
[Round "1.13"]
[White "Kostin, Alexey"]
[Black "Savchenko, Boris"]
[Result "0-1"]
[WhiteElo "2282"]
[BlackElo "2565"]
[Annotator ""]
[Source ""]
[Remark ""]

1.e4 e6 2.d4 d5 3.exd5 exd5 4.Nf3 Nc6 5.Bd3 Bg4 6.c3 Qf6 7.Nbd2
O-O-O 8.O-O Bd6 9.Qa4 Kb8 10.b4 Nce7 11.Re1 Ng6 12.Bf1 N8e7 13.b5
h5 14.c4 Nf5 15.cxd5 Nfh4 16.Nxh4 Nxh4 17.Ne4 Qg6 18.Ba3 Nf3+
19.gxf3 Bxf3+ 20.Ng3 h4 21.Bxd6 cxd6 22.b6 axb6 23.Rab1 hxg3
24.fxg3 Rxh2 0-1

[Event "Master Open"]
[Site "Voronezh"]
[Date "2018.06.12"]
[Round "1.14"]
[White "Moskalenko, Alexander"]
[Black "Egorov, Pavel"]
[Result "1/2-1/2"]
[WhiteElo "2558"]
[BlackElo "2282"]
[Annotator ""]
[Source ""]
[Remark ""]

1.e4 c5 2.Nf3 Nf6 3.Nc3 d5 4.exd5 Nxd5 5.Bb5+ Bd7 6.Ne5 Bxb5
7.Qf3 f6 8.Nxb5 Na6 9.Qh5+ g6 10.Nxg6 hxg6 11.Qxh8 Qd7 12.Qh4
Qxb5 13.c4 Qb4 14.a3 Qa4 15.b3 Qxb3 16.cxd5 Qd3 17.Qg4 Rd8 18.Qe2
Rxd5 19.Qxd3 Rxd3 20.Rb1 b6 21.h4 c4 22.h5 gxh5 23.Rxh5 Nc5 24.Rb4
Rd4 25.Rxc5 bxc5 26.Rb8+ Rd8 27.Rb5 e5 28.Ra5 Rd7 29.Bb2 Kd8
30.Bc3 Kc8 31.Ra6 Bd6 32.Ra4 Kb7 33.Rxc4 Kc6 34.Ke2 Kd5 35.Ra4
f5 36.g3 e4 37.Ra6 Rh7 38.Bf6 Rh2 39.Kf1 f4 40.gxf4 Bxf4 41.Rxa7
Bxd2 42.Rd7+ Ke6 43.Rxd2 Kxf6 44.Ra2 e3 45.a4 exf2 1/2-1/2

[Event "Master Open"]
[Site "Voronezh"]
[Date "2018.06.12"]
[Round "1.15"]
[White "Maltsevskaya, Aleksandra"]
[Black "Belous, Vladimir"]
[Result "0-1"]
[WhiteElo "2279"]
[BlackElo "2555"]
[Annotator ""]
[Source ""]
[Remark ""]

1.e4 c5 2.Nf3 Nc6 3.d4 cxd4 4.Nxd4 e5 5.Nb5 d6 6.N1c3 a6 7.Na3
b5 8.Nd5 Nge7 9.c4 Nd4 10.Bd3 Nxd5 11.cxd5 f5 12.O-O f4 13.Nc2
Nxc2 14.Qxc2 Bd7 15.Qe2 Be7 16.Bd2 O-O 17.f3 Qb6+ 18.Kh1 Bh4
19.Rg1 Bg3 20.Be3 Qd8 21.hxg3 fxg3 22.Rgc1 Qh4+ 23.Kg1 Bg4 24.Kf1
Qh1+ 25.Bg1 h5 26.Ke1 Qxg1+ 27.Kd2 Qd4 28.Rc3 h4 29.Qe3 h3 30.Qxd4
exd4 31.Rc6 hxg2 32.fxg4 Rf2+ 33.Be2 Raf8 34.Rg1 R8f3 35.Rcc1
d3 36.Rce1 Kf7 37.g5 Kg6 38.e5 dxe5 39.d6 Kf7 40.Kd1 dxe2+ 41.Kd2
Ke6 42.Rxe2 Rxe2+ 43.Kxe2 Rf2+ 44.Ke3 Kxd6 0-1

[Event "Master Open"]
[Site "Voronezh"]
[Date "2018.06.12"]
[Round "1.16"]
[White "Maiorov, Nikita"]
[Black "Murzin, Volodar"]
[Result "1/2-1/2"]
[WhiteElo "2533"]
[BlackElo "2268"]
[Annotator ""]
[Source ""]
[Remark ""]

1.d4 Nf6 2.c4 g6 3.g3 Bg7 4.Bg2 O-O 5.Nc3 d6 6.Nf3 Nbd7 7.O-O
e5 8.e4 c6 9.b3 Qb6 10.d5 Nc5 11.Be3 Ng4 12.Bxc5 Qxc5 13.Na4
Qa3 14.Ne1 Qb4 15.Nc2 Qa5 16.dxc6 bxc6 17.h3 Nf6 18.Qxd6 Rd8
19.Qxc6 Bd7 20.Qc5 Qd2 21.Ne3 Bxa4 22.bxa4 Rdc8 23.Qe7 Re8 24.Qb7
Reb8 25.Qc6 Rc8 26.Qa6 Qd4 27.Rad1 Qb6 28.Qb5 Rab8 29.Rb1 Bh6
30.Qxb6 Rxb6 31.Rb5 Ra6 32.a5 Bxe3 33.fxe3 Rxc4 34.Rxe5 Rc7 35.Rb5
Nd7 36.Rfb1 Rac6 37.e5 Rc1+ 38.Rxc1 Rxc1+ 39.Bf1 Rc2 40.a4 Rc7
41.h4 Kf8 42.a6 Nc5 43.Rb8+ Ke7 44.a5 Nd7 45.Rb7 Kd8 46.Rb5 Rc5
47.Rb7 Rc7 48.e6 fxe6 49.g4 h6 50.g5 hxg5 51.hxg5 Kc8 52.Rb5
Rc5 53.Kg2 Rxb5 54.Bxb5 Nf8 55.Kf3 Kc7 56.Kf4 Kd6 57.Bd3 Ke7
58.Ke5 Nh7 59.Kf4 Nf8 60.Ke5 Nh7 61.Kf4 Nf8 62.Ke5 1/2-1/2

[Event "Master Open"]
[Site "Voronezh"]
[Date "2018.06.12"]
[Round "1.17"]
[White "Chapurin, Alexey V."]
[Black "Iljiushenok, Ilia"]
[Result "0-1"]
[WhiteElo "2262"]
[BlackElo "2530"]
[Annotator ""]
[Source ""]
[Remark ""]

1.d4 Nf6 2.Nf3 g6 3.Bf4 Bg7 4.e3 O-O 5.Be2 d6 6.h3 Nbd7 7.O-O
Qe8 8.Bh2 e5 9.c4 Ne4 10.Na3 Qe7 11.Rc1 Kh8 12.b4 a5 13.bxa5
Rxa5 14.Qb3 b6 15.Rfe1 f5 16.Nc2 Bb7 17.Nb4 Rfa8 18.Nd5 Qd8 19.Rc2
Ra3 20.Qb2 c6 21.Nxb6 Nxb6 22.Rb1 Rxa2 23.Qxb6 Qxb6 24.Rxb6 Rxc2 0-1

[Event "Master Open"]
[Site "Voronezh"]
[Date "2018.06.12"]
[Round "1.18"]
[White "Tsydypov, Zhamsaran"]
[Black "Solozhenkina, Elizaveta"]
[Result "1-0"]
[WhiteElo "2522"]
[BlackElo "2258"]
[Annotator ""]
[Source ""]
[Remark ""]

1.e4 c5 2.Nf3 d6 3.d4 cxd4 4.Nxd4 Nf6 5.Nc3 a6 6.Be2 e5 7.Nb3
Be7 8.O-O O-O 9.Qd3 Nbd7 10.a4 b6 11.Qg3 Kh8 12.Rd1 Bb7 13.f3
Qc7 14.Be3 Nh5 15.Qe1 g6 16.Bh6 Rfd8 17.Qf1 Rdc8 18.Nd2 Nf4 19.Bc4
Ne6 20.Nd5 Bxd5 21.Bxd5 Rab8 22.c3 Qc5+ 23.Kh1 b5 24.axb5 axb5
25.g3 Re8 26.Ra6 Nb6 27.Bb3 Rg8 28.Bxe6 fxe6 29.Qh3 Qc8 30.Ra7
Re8 31.Bg5 Nd7 32.Qxe6 Bxg5 33.Qxd7 Qxd7 34.Rxd7 Red8 35.Rxd8+
Rxd8 36.Nb3 Be7 37.Rd5 Rb8 38.Na5 Rb6 39.b4 Kg7 40.Kg2 Kf6 41.Kf2
Ke6 42.Ke2 Kd7 43.Nb3 Kc6 44.Rd1 Rb8 45.Na5+ Kd7 46.Rd5 Bd8 47.Nb3
Kc6 48.Kd3 Bb6 49.f4 exf4 50.gxf4 Ra8 51.f5 Ra2 52.Nd2 Bd8 53.c4
bxc4+ 54.Nxc4 gxf5 55.b5+ Kc7 56.Rxf5 Rxh2 57.Rf7+ Kb8 58.Nxd6
Bc7 59.Nc4 Rh6 60.Kd4 Rh1 61.e5 Rd1+ 62.Kc5 Re1 63.b6 Bd8 64.Rf8 1-0

[Event "Master Open"]
[Site "Voronezh"]
[Date "2018.06.12"]
[Round "1.19"]
[White "Zhitnikov, Konstantin"]
[Black "Korneev, Oleg"]
[Result "1/2-1/2"]
[WhiteElo "2255"]
[BlackElo "2517"]
[Annotator ""]
[Source ""]
[Remark ""]

1.e4 c5 2.c3 Nf6 3.e5 Nd5 4.d4 cxd4 5.Nf3 e6 6.cxd4 d6 7.Bc4
Nb6 8.Bd3 dxe5 9.dxe5 Na6 10.O-O Nc5 11.Be2 Qxd1 12.Rxd1 Nd5
13.Bc4 Nb6 14.Be2 Nd5 15.Bc4 Nb6 1/2-1/2

[Event "Master Open"]
[Site "Voronezh"]
[Date "2018.06.12"]
[Round "1.20"]
[White "Demidov, Mikhail"]
[Black "Najdin, Danil"]
[Result "1-0"]
[WhiteElo "2513"]
[BlackElo "2250"]
[Annotator ""]
[Source ""]
[Remark ""]

1.Nf3 f5 2.d3 d6 3.e4 e5 4.Nc3 Nf6 5.exf5 Bxf5 6.d4 e4 7.Nh4
Bd7 8.g3 c6 9.Bg2 d5 10.O-O Be7 11.f3 exf3 12.Nxf3 O-O 13.Qd3
Na6 14.Ne5 Nc7 15.Bd2 Be6 16.Rae1 Nd7 17.Ne2 Bd6 18.Nf4 Bf5 19.Qb3
Rb8 20.Kh1 Bxe5 21.dxe5 Nc5 22.Qe3 Ne4 23.Bb4 Re8 24.Qxa7 b6
25.c4 Qd7 26.e6 Qc8 27.cxd5 cxd5 28.Nxd5 Nxd5 29.Qf7+ Kh8 30.Qxf5
Qxe6 31.Qxe6 Rxe6 32.Rxe4 Rxe4 33.Bd6 1-0

[Event "Master Open"]
[Site "Voronezh"]
[Date "2018.06.12"]
[Round "1.21"]
[White "Sargissyan, Sargis"]
[Black "Triapishko, Alexandr"]
[Result "0-1"]
[WhiteElo "2249"]
[BlackElo "2513"]
[Annotator ""]
[Source ""]
[Remark ""]

1.e4 c6 2.d4 d5 3.e5 Bf5 4.h4 h5 5.Bd3 Bxd3 6.Qxd3 Qa5+ 7.Bd2
Qa6 8.e6 Qxd3 9.exf7+ Kxf7 10.cxd3 Nh6 11.Nf3 Nf5 12.Bf4 Nd7
13.Ne5+ Nxe5 14.Bxe5 e6 15.Nd2 Be7 16.Nf3 Bf6 17.Kd2 a5 18.g3
Ra6 19.Rab1 a4 20.Rhe1 Rb6 21.Kc3 Rc8 22.b4 axb3 23.Rxb3 Rxb3+
24.axb3 Ra8 25.Kb2 Be7 26.Bf4 Bf6 27.Be5 Nh6 28.Re2 Ng4 29.Ng5+
Bxg5 30.hxg5 Nxe5 31.Rxe5 Ke7 32.f4 Rf8 33.Kc3 h4 34.gxh4 Rxf4
35.h5 Rh4 36.h6 gxh6 37.gxh6 Rxh6 38.Rg5 Rh7 39.Rg6 Kd6 40.Rg8
Re7 41.Rg6 Kc7 42.Rg5 Kd6 43.Rg6 c5 44.dxc5+ Kxc5 45.d4+ Kb5
46.Rh6 Ka5 47.Rh3 Rc7+ 48.Kb2 Kb4 49.Re3 Re7 50.Re1 b5 51.Re2
Rh7 52.Kc2 Rh6 53.Re3 Ka3 54.Re1 Rh2+ 55.Kd3 Kxb3 56.Rxe6 Rh3+
57.Kd2 Kc4 58.Rb6 b4 59.Kc2 Rh2+ 60.Kc1 Kxd4 0-1

[Event "Master Open"]
[Site "Voronezh"]
[Date "2018.06.12"]
[Round "1.22"]
[White "Gabrielian, Artur"]
[Black "Parfenov, Viktor N."]
[Result "1-0"]
[WhiteElo "2506"]
[BlackElo "2247"]
[Annotator ""]
[Source ""]
[Remark ""]

1.e4 e5 2.Nf3 Nc6 3.Bc4 Bc5 4.d3 Nf6 5.c3 d6 6.Bg5 h6 7.Bh4 a6
8.Nbd2 Ba7 9.a4 Qe7 10.O-O g5 11.Bg3 h5 12.h4 Nh7 13.b4 g4 14.Ne1
Nf8 15.Nc2 Ng6 16.Ne3 Be6 17.Qb3 Nd8 18.d4 c6 19.Nf5 Bxf5 20.exf5
d5 21.fxg6 dxc4 22.Nxc4 1-0

[Event "Master Open"]
[Site "Voronezh"]
[Date "2018.06.12"]
[Round "1.23"]
[White "Volovich, Vasily"]
[Black "Matinian, Nikita"]
[Result "1/2-1/2"]
[WhiteElo "2244"]
[BlackElo "2496"]
[Annotator ""]
[Source ""]
[Remark ""]

1.e4 e5 2.Nf3 Nc6 3.Nc3 Nf6 4.Bb5 Bd6 5.d3 O-O 6.O-O Re8 7.a3
h6 8.Bc4 Bc5 9.Be3 d6 10.h3 Be6 11.Bxe6 Rxe6 12.Nd5 Bxe3 13.fxe3
Ne7 14.Nxf6+ Rxf6 15.Qe2 a5 16.a4 Ng6 17.g3 Qd7 18.Kh2 Re8 19.b3
c6 20.Nd2 Rxf1 21.Rxf1 d5 22.exd5 cxd5 23.e4 Ne7 24.exd5 Qxd5
25.Nc4 Nc6 26.c3 Rd8 27.Rf3 f6 28.Qe4 Qxe4 29.dxe4 Rd1 30.Kg2
Kf7 31.Kf2 Ke6 32.Ke2 Rb1 33.Nd2 Rc1 34.Kd3 h5 35.Rf1 Rxf1 36.Nxf1
g6 37.g4 hxg4 38.hxg4 f5 39.gxf5+ gxf5 40.exf5+ Kxf5 1/2-1/2

[Event "Master Open"]
[Site "Voronezh"]
[Date "2018.06.12"]
[Round "1.24"]
[White "Khegay, Dmitriy"]
[Black "Schepetkova, Margarita"]
[Result "1/2-1/2"]
[WhiteElo "2495"]
[BlackElo "2244"]
[Annotator ""]
[Source ""]
[Remark ""]

1.Nf3 d5 2.g3 Nf6 3.Bg2 c6 4.O-O Bg4 5.Ne5 Bf5 6.b3 e6 7.Bb2
Nbd7 8.d3 Nxe5 9.Bxe5 Bd6 10.Bb2 O-O 11.Nd2 e5 12.e4 dxe4 13.dxe4
Be6 14.Qe2 b5 15.f4 Bg4 16.Qe1 Bb4 17.c3 Bc5+ 18.Kh1 Qd3 19.fxe5
Nd7 20.Rf4 Be6 21.Nf3 Qc2 22.Bc1 Rad8 23.Nd4 Bxd4 24.cxd4 Nxe5
25.Rf2 Nd3 26.Rxc2 Nxe1 27.Rd2 Nxg2 28.Kxg2 f5 29.Ba3 Rf7 30.e5
f4 31.Bd6 Re8 32.Rf2 Bd5+ 33.Kg1 g5 34.Raf1 Re6 35.Re1 h5 36.Kf1
fxg3 37.hxg3 h4 38.gxh4 gxh4 39.Rxf7 Kxf7 40.Kg1 Rg6+ 41.Kh2
Rg2+ 42.Kh3 Rxa2 43.b4 a5 44.bxa5 Rxa5 45.Rf1+ Kg7 46.Kxh4 Ra2
47.Bf8+ Kg8 48.Bc5 Kg7 49.Kg5 Rg2+ 50.Kf4 Rb2 51.Kf5 Rc2 52.Ra1
Rf2+ 53.Kg5 Ra2 54.Re1 Rg2+ 55.Kh4 Kf7 56.Rf1+ Kg7 57.Rf6 Rh2+
58.Kg3 Rg2+ 59.Kh3 Re2 60.Rd6 Kf7 61.Kg3 Rg2+ 62.Kf4 Rf2+ 63.Ke3
Rf3+ 64.Kd2 Rh3 65.Rf6+ Kg7 66.Rd6 Kf7 1/2-1/2

[Event "Master Open"]
[Site "Voronezh"]
[Date "2018.06.12"]
[Round "1.25"]
[White "Ioffe, Ilya"]
[Black "Golubov, Saveliy"]
[Result "1-0"]
[WhiteElo "2240"]
[BlackElo "2493"]
[Annotator ""]
[Source ""]
[Remark ""]

1.e4 c5 2.c3 d6 3.d4 Qc7 4.Nf3 Bg4 5.Bd3 Nf6 6.O-O e6 7.Be3 Nc6
8.Nbd2 Be7 9.Re1 O-O 10.h3 Bh5 11.a3 Rab8 12.b4 b5 13.Qe2 a6
14.Rac1 Nd7 15.Nf1 Qa7 16.g4 Bg6 17.Ng3 Qb7 18.h4 h6 19.g5 h5
20.Nf5 c4 21.Bb1 Rfe8 22.Bf4 exf5 23.exf5 Bf8 24.Qc2 Bxf5 25.Qxf5
g6 26.Qh3 Nb6 27.Nd2 Rxe1+ 28.Rxe1 Qc8 29.Qf3 Qg4+ 30.Qxg4 hxg4
31.Ne4 Nd5 32.Nf6+ Nxf6 33.gxf6 Rd8 34.Kg2 d5 35.Kg3 Bd6 36.Kxg4
Bxf4 37.Kxf4 Rd6 38.Re8+ Kh7 39.Kg5 Nd8 40.h5 1-0

[Event "Master Open"]
[Site "Voronezh"]
[Date "2018.06.12"]
[Round "1.26"]
[White "Potapov, Pavel"]
[Black "Kovalenko, Sergey"]
[Result "1-0"]
[WhiteElo "2491"]
[BlackElo "2237"]
[Annotator ""]
[Source ""]
[Remark ""]

1.e4 e6 2.d4 d5 3.Bd3 c5 4.exd5 Qxd5 5.Nc3 Qxd4 6.Nb5 Qd8 7.Bf4
Na6 8.Qe2 Qa5+ 9.c3 Nf6 10.Nf3 Nd5 11.Nd6+ Bxd6 12.Bxd6 Bd7 13.Nd2
Bc6 14.Qg4 Nab4 15.Bb1 Bb5 16.cxb4 Nxb4 17.Qxg7 O-O-O 18.Qc3
b6 19.a3 Qa6 20.axb4 Qxa1 21.bxc5 Kb7 22.f3 Rxd6 23.cxd6 Rc8
24.Kf2 Qa4 25.Be4+ Kb8 26.d7 1-0

[Event "Master Open"]
[Site "Voronezh"]
[Date "2018.06.12"]
[Round "1.27"]
[White "Dmitriev, Igor"]
[Black "Belyakov, Bogdan"]
[Result "0-1"]
[WhiteElo "2236"]
[BlackElo "2490"]
[Annotator ""]
[Source ""]
[Remark ""]

1.c4 Nf6 2.Nf3 g6 3.b4 Bg7 4.Bb2 O-O 5.d3 c6 6.Nbd2 d5 7.e3 a5
8.a3 Bf5 9.cxd5 cxd5 10.b5 a4 11.Be2 Nbd7 12.Nd4 Nc5 13.Nxf5
gxf5 14.O-O Qd6 15.Rb1 Rfc8 16.g3 Ncd7 17.Nf3 Nc5 18.Be5 Qe6
19.Ba1 Qd6 20.Nd4 e6 21.Rb4 Nfd7 22.Nf3 Nb3 23.Bxg7 Rc1 24.Rxa4
Rxd1 25.Rxa8+ Kxg7 26.Rxd1 Nb6 27.Re8 Qd7 28.Rb8 Qc7 29.Re8 Nc8
30.Rb1 Na5 31.Ne5 f6 32.Nf3 Qd7 33.Rxc8 Qxc8 34.Bf1 Qc3 35.Nd4
Kf7 36.a4 b6 37.h4 Ke7 38.h5 h6 39.Kg2 Kd7 40.Kf3 Qa3 41.Be2
Qxa4 42.Rc1 Qa3 43.Rg1 Nb3 44.Nxb3 Qxb3 45.d4 Qc2 46.Bd1 Qd3
47.g4 fxg4+ 48.Kxg4 Qxb5 49.Kf3 Qd3 50.Rg7+ Kc6 51.Be2 Qc2 52.Rg6
b5 53.Rxf6 b4 54.Rxe6+ Kc7 55.Re7+ Kd6 56.Rb7 b3 0-1

[Event "Master Open"]
[Site "Voronezh"]
[Date "2018.06.12"]
[Round "1.28"]
[White "Pavlov, Sergey"]
[Black "Sukhareva, Evgeniya"]
[Result "1/2-1/2"]
[WhiteElo "2489"]
[BlackElo "2234"]
[Annotator ""]
[Source ""]
[Remark ""]

1.c4 e6 2.g3 Nf6 3.Bg2 d5 4.Nf3 Be7 5.d4 O-O 6.Nc3 c6 7.O-O b6
8.Ne5 Bb7 9.e4 dxc4 10.Nxc4 Ba6 11.b3 b5 12.Ne3 b4 13.Ne2 Bxe2
14.Qxe2 Qxd4 15.Bb2 Qb6 16.Nc4 Qb5 17.Bxf6 Bxf6 18.e5 Be7 19.Rad1
a5 20.Be4 g6 21.h4 Ra7 22.Qf3 Rc7 23.Rd2 f6 24.exf6 Rxf6 25.Qe3
Nd7 26.Bd3 Qb8 27.Nxa5 Bc5 28.Qg5 h6 29.Qxh6 Ra7 30.Be4 Qxg3+
31.Kh1 Qh3+ 32.Kg1 Qg3+ 1/2-1/2